header

Theoretical aspects of heterogeneous catalysis (Record no. 66299)

MARC details
000 -LEADER
fixed length control field 01269nam a2200301Ia 4500
245 00 - TITLE STATEMENT
Title Theoretical aspects of heterogeneous catalysis
260 ## - PUBLICATION, DISTRIBUTION, ETC. (IMPRINT)
Place of publication Dordrecht ;
-- Boston, MA :
Name of publisher Kluwer Academic,
Year of publication c2001.
300 ## - PHYSICAL DESCRIPTION
Number of Pages x, 256, [1] p. :
Other physical details ill.
490 1# - SERIES STATEMENT
Series statement Progress in theoretical chemistry and physics ;
650 #0 - SUBJECT ADDED ENTRY--TOPICAL TERM
Topical Term Heterogeneous catalysis.
Topical Term Catalysis.
700 1# - ADDED ENTRY--PERSONAL NAME
Personal name Nascimento, Marco Antonio Chaer.
856 40 - ELECTRONIC LOCATION AND ACCESS
Uniform Resource Identifier http://site.ebrary.com/lib/rucke/Doc?id=10053366

No items available.

© 2026 Rongo University
Contact us: librarian | system librarian | Rongo university